| 000 | 00899nam a2200253Ia 4500 | ||
|---|---|---|---|
| 003 | OSt | ||
| 005 | 20221005104906.0 | ||
| 006 | a|||||r|||| 00| 0 | ||
| 007 | ta | ||
| 008 | 221004b |||||||| |||| 00| 0 hin d | ||
| 024 | _a31833 | ||
| 037 | _cTextual | ||
| 040 |
_aCRL _cCRL _bhin |
||
| 041 |
_2hin _ahin |
||
| 082 | _aO157,3M61,23, 152M7 | ||
| 100 | _aठाकुर, रविन्द्रनाथ | ||
| 245 | 0 | _aदृष्टि-दान तथा अन्य कहानियॉं | |
| 246 | _aDṛuṣhṭi-dān tathā anya kahāniyaॉan | ||
| 260 |
_aदिल्ली _bसरस्वती विहार भारत _c1987 |
||
| 300 |
_a144पृ. _ccm. |
||
| 650 | _aहिन्दी कहानी | ||
| 942 |
_hO157,3M61,23, 152M7 _cTEXL _2cc |
||
| 999 |
_c1014088 _d1014088 |
||